000 00463cam a2200181 4500
001 D6733
008 090401t1981 xxu||||| |||| 00| 0 eng d
035 _a(Sirsi) u2667
041 _aeng
050 _a725.54
100 _aLockhart, Terence
245 _aHousing adaptations for disabled people
260 _aLondon
_bArchitectural Press for the Disabled Liv
_c1981
300 _axiv. 130p. ill. 22cm
350 _a8.95
942 _n0
948 _c04/03/1997
999 _c85797
_d85797